Statistiques concernant Top 10 des pays qui regardent le plus d'animes

Cliquez ici pour prendre le quiz!

Statistiques générales

  • Ce quiz a été pris 173 fois
  • Le résultat moyen est 6 sur 10

Statistiques - réponses

Placepourcentage de la populationPays% Correct
462.50france
100%
175.87Japon
99%
271.86états-unis
91%
650.70corée du sud
83%
934.67canada
72%
555.78brésil
66%
745.58mexique
54%
1032.50taiwan
20%
370.58philippines
17%
842.70malaisie
13%

Distribution des résultats

Percentile par nombre de réponses

% des personnes avec chaque résultat

Votre développement - résultats

Vous n’avez pas pris ce quiz